Citez les capitales de ces 10 pays - Statistiques

Statistiques générales
  • Ce quiz a été pris 347 fois
  • Le résultat moyen est 13 sur 15
Statistiques - réponses
Hint Réponse % Correct
France Paris
100%
Italie Rome
99%
Japon Tokyo
98%
Angleterre Londres
97%
Chine Pekin
96%
Ukraine Kiev
95%
Russie Moscou
95%
Suisse Berne
93%
Australie Canberra
92%
Vatican Vatican
92%
Canada Ottawa
90%
Bulgarie Sofia
85%
République démocratiqueDu Congo Kinshasa
72%
Inde New-dehli
59%
Pays de galles Cardiff
58%
Aucun quiz correspondant
Distribution des résultats
% des personnes avec chaque résultat
Percentile par nombre de réponses
Votre historique - résultats
Vous n’avez pas pris ce quiz